[Event "BL 2425 Hamburger SK - FC Bayern Münche"]
[Site "?"]
[Date "2025.03.22"]
[Round "11.6"]
[White "Kramer, Julian"]
[Black "Lindgren, Philip"]
[Result "1-0"]
[WhiteElo "2479"]
[BlackElo "2395"]
[PlyCount "71"]
[EventDate "2025.??.??"]

1. e4 c6 2. d4 d5 3. exd5 cxd5 4. Bd3 Nc6 5. c3 Qc7 6. h3 Nf6 7. Nf3 g6 8. O-O Bf5 9. Ne5 Bxd3 10. Nxd3 e6 11. Re1 Bg7 12. Bf4 Qe7 13. Nd2 O-O 14. a4 Rac8 15. a5 Qd8 16. b4 Nd7 17. Nb3 Re8 18. b5 Ncb8 19. Qd2 a6 20. b6 Bf8 21. Bg5 Be7 22. Bxe7 Qxe7 23. Re3 Rc4 24. f4 Rcc8 25. Qb2 Qd6 26. Rae1 Nc6 27. Ne5 Nf6 28. Qa1 Ne4 29. c4 dxc4 30. Rxe4 cxb3 31. Ng4 Red8 32. d5 Qc5+ 33. Kh2 Rxd5 34. Nh6+ Kf8 35. Qh8+ Ke7 36. Qxc8 1-0

[Event "BL 2425 Hamburger SK - FC Bayern Münche"]
[Site "?"]
[Date "2025.03.22"]
[Round "11.7"]
[White "Rafiee, Makan"]
[Black "Zwirs, Nico"]
[Result "1/2-1/2"]
[WhiteElo "2271"]
[BlackElo "2452"]
[PlyCount "45"]
[EventDate "2025.??.??"]

1. e4 c5 2. Nf3 d6 3. d4 cxd4 4. Nxd4 Nf6 5. Nc3 a6 6. Bg5 Nbd7 7. Qe2 h6 8. Bh4 g6 9. f4 e5 10. fxe5 dxe5 11. O-O-O Bg7 12. Nb3 O-O 13. g4 b5 14. Bg2 b4 15. Nd5 g5 16. Bf2 a5 17. Nc5 Nxd5 18. exd5 e4 19. Bxe4 Qf6 20. Bd4 Qf4+ 21. Be3 Qe5 22. Bd4 Qf4+ 23. Be3 1/2-1/2

[Event "BL 2425 Hamburger SK - FC Bayern Münche"]
[Site "?"]
[Date "2025.03.22"]
[Round "11.8"]
[White "Heinemann, Thies"]
[Black "Butenandt, Svenja"]
[Result "1/2-1/2"]
[WhiteElo "2424"]
[BlackElo "2151"]
[PlyCount "67"]
[EventDate "2025.??.??"]

1. e4 c6 2. d4 d5 3. e5 c5 4. dxc5 e6 5. a3 Bxc5 6. b4 Be7 7. Bd3 Nd7 8. Bb2 Nh6 9. Qe2 a5 10. b5 O-O 11. Nf3 f6 12. c4 Nf7 13. exf6 Bxf6 14. O-O Nc5 15. Nc3 Nxd3 16. Qxd3 dxc4 17. Qxc4 Ne5 18. Nxe5 Bxe5 19. Rad1 Qf6 20. g3 Qf5 21. a4 b6 22. f4 Bf6 23. Ba3 Bb7 24. Bxf8 Rc8 25. Qd3 Qxd3 26. Rxd3 Rxc3 27. Rxc3 Bxc3 28. Bd6 Bd4+ 29. Rf2 Bd5 30. Be5 Bxf2+ 31. Kxf2 Bb3 32. Bd4 Bxa4 33. Bxb6 Bxb5 34. Bxa5 1/2-1/2

[Event "BL 2425 FC St. Pauli - OSG Baden-Baden"]
[Site "?"]
[Date "2025.03.22"]
[Round "11.2"]
[White "Christiansen, Johan-Sebastian"]
[Black "Vachier-Lagrave, Maxime"]
[Result "1/2-1/2"]
[WhiteElo "2657"]
[BlackElo "2725"]
[PlyCount "48"]
[EventDate "2025.??.??"]

1. e4 c5 2. Nf3 Nc6 3. Bb5 e6 4. O-O Nge7 5. Re1 Ng6 6. c3 a6 7. Bf1 Be7 8. d4 cxd4 9. cxd4 d5 10. Nc3 O-O 11. Bd3 Nb4 12. Bb1 dxe4 13. Bxe4 Nd5 14. Ne5 Nxc3 15. bxc3 Nxe5 16. dxe5 Qxd1 17. Rxd1 Bc5 18. Be3 Bxe3 19. fxe3 Rb8 20. Rd6 b5 21. Rb1 Bb7 22. Bxb7 Rxb7 23. Rxa6 Rc7 24. Rb3 h5 1/2-1/2

[Event "BL 2425 FC St. Pauli - OSG Baden-Baden"]
[Site "?"]
[Date "2025.03.22"]
[Round "11.3"]
[White "Rapport, Richard"]
[Black "Socko, Bartosz"]
[Result "1-0"]
[WhiteElo "2713"]
[BlackElo "2568"]
[PlyCount "113"]
[EventDate "2025.??.??"]

1. c4 e5 2. Nc3 Nf6 3. Nf3 Nc6 4. g3 d6 5. Bg2 g6 6. d4 exd4 7. Nxd4 Nxd4 8. Qxd4 Bg7 9. Qe3+ Qe7 10. Nb5 Qxe3 11. Bxe3 Kd7 12. O-O-O Ng4 13. Bd4 Bxd4 14. Rxd4 f5 15. h3 Nf6 16. g4 a6 17. Nc3 Ke7 18. g5 Ne8 19. e4 h6 20. Re1 Kf8 21. gxh6 Rxh6 22. e5 g5 23. Nd5 Re6 24. f4 dxe5 25. fxe5 c6 26. Nb6 c5 27. Nd7+ Bxd7 28. Rxd7 Nf6 29. Bd5 Nxd7 30. Bxe6 Nb6 31. Bxf5 Nxc4 32. Bd3 Na5 33. Rg1 Rd8 34. Be2 Nc6 35. Rxg5 Re8 36. Bf3 Nxe5 37. Bxb7 a5 38. Kc2 Kf7 39. Bd5+ Kf6 40. Rg8 Re7 41. Rf8+ Kg5 42. Rc8 Ng6 43. Rxc5 Re5 44. Kc3 a4 45. Kb4 Kf4 46. Kxa4 Ke3 47. Rc3+ Kd4 48. Bf7 Nf4 49. Rc4+ Ke3 50. Rc7 Nd3 51. b4 Re4 52. a3 Rh4 53. Be6 Nf4 54. Rc3+ Kd4 55. Kb3 Rh8 56. Bg4 Nd3 57. Rc8 1-0

[Event "BL 2425 FC St. Pauli - OSG Baden-Baden"]
[Site "?"]
[Date "2025.03.22"]
[Round "11.4"]
[White "Janik, Igor"]
[Black "Vitiugov, Nikita"]
[Result "0-1"]
[WhiteElo "2527"]
[BlackElo "2668"]
[PlyCount "90"]
[EventDate "2025.??.??"]

1. c4 e5 2. g3 Nc6 3. Bg2 g6 4. Nc3 Bg7 5. d3 d6 6. Rb1 a5 7. a3 Nge7 8. b4 axb4 9. axb4 O-O 10. e3 Be6 11. Nd5 b5 12. Nxe7+ Nxe7 13. cxb5 Rb8 14. Ne2 Rxb5 15. Bd2 Qd7 16. O-O Bh3 17. Bxh3 Qxh3 18. Nc3 Rb7 19. e4 Nc6 20. b5 Nd4 21. Be3 Ne6 22. Qf3 Rfb8 23. Qg2 Qxg2+ 24. Kxg2 Bf6 25. Rbc1 Bd8 26. Rc2 Ra8 27. f4 exf4 28. gxf4 f5 29. Kf3 Ra3 30. d4 fxe4+ 31. Kxe4 Ng7 32. Bc1 Ra1 33. Nd5 Kf7 34. Rf3 Nf5 35. Rb3 Ra4 36. Bb2 c5 37. Rd2 Ba5 38. Rd1 c4 39. Rh3 h5 40. b6 Bxb6 41. Ra1 Rxa1 42. Bxa1 Rb8 43. Nxb6 Rxb6 44. Ra3 Rb5 45. Ra8 Ne7 0-1

[Event "BL 2425 FC St. Pauli - OSG Baden-Baden"]
[Site "?"]
[Date "2025.03.22"]
[Round "11.6"]
[White "Krause, Benedict"]
[Black "Shirov, Alexei"]
[Result "1/2-1/2"]
[WhiteElo "2416"]
[BlackElo "2652"]
[PlyCount "119"]
[EventDate "2025.??.??"]

1. e4 c5 2. Nf3 d6 3. Bb5+ Bd7 4. Bxd7+ Nxd7 5. O-O Ngf6 6. Re1 e6 7. c3 Be7 8. d4 cxd4 9. cxd4 d5 10. e5 Ne4 11. Nbd2 Nxd2 12. Bxd2 O-O 13. Rc1 Nb6 14. b3 Rc8 15. Rxc8 Qxc8 16. Qb1 Qc6 17. a4 Rc8 18. Rc1 Qd7 19. Rxc8+ Qxc8 20. h4 h5 21. g3 Qc6 22. Kg2 Nc8 23. Qd3 a6 24. Bg5 Bf8 25. Qd2 b5 26. axb5 Qxb5 27. Qc2 Qb7 28. Bd8 Ne7 29. Bxe7 Bxe7 30. Ng5 Bxg5 31. hxg5 g6 32. Qc3 Kg7 33. Qf3 Qb6 34. Qc3 Qb5 35. Qf3 Kg8 36. Qe3 a5 37. Kg1 Qb4 38. Kg2 Kf8 39. Kh2 Kg7 40. Kg2 Kg8 41. Kg1 Qa3 42. Kg2 Qb2 43. Kh2 Qc2 44. Qe1 Kg7 45. Qe3 Qf5 46. Kg2 Qg4 47. Kf1 Qd1+ 48. Kg2 Qg4 49. Kf1 h4 50. gxh4 Qxh4 51. Ke2 Kf8 52. Kd2 Qh1 53. Kc2 Qf1 54. Qd2 Ke8 55. Qxa5 Qxf2+ 56. Qd2 Qf1 57. Kb2 Kd7 58. Ka3 Qa6+ 59. Kb4 Qb6+ 60. Ka4 1/2-1/2

[Event "BL 2425 FC St. Pauli - OSG Baden-Baden"]
[Site "?"]
[Date "2025.03.22"]
[Round "11.7"]
[White "Movsesian, Sergei"]
[Black "Sawatzki, Frank"]
[Result "1-0"]
[WhiteElo "2593"]
[BlackElo "2342"]
[PlyCount "66"]
[EventDate "2025.??.??"]

1. e4 c5 2. Nc3 e6 3. Nge2 Nc6 4. d4 cxd4 5. Nxd4 Nf6 6. a3 Qc7 7. Be3 a6 8. f4 Nxd4 9. Bxd4 Qxf4 10. g3 Qc7 11. e5 Nd5 12. Ne4 b5 13. Bg2 Bb7 14. O-O Be7 15. Qh5 O-O 16. Nf6+ Nxf6 17. exf6 Bxf6 18. Bxf6 gxf6 19. Bxb7 Qxb7 20. Rxf6 Qb6+ 21. Kg2 Rac8 22. c3 Qc6+ 23. Kh3 Qc5 24. Qg4+ Kh8 25. Raf1 Rg8 26. Qd1 Qg5 27. Rxf7 Rc4 28. Kg2 d5 29. Qf3 Qg6 30. Ra7 d4 31. Qf4 Rgc8 32. Qe5+ Kg8 33. Rf6 Qg4 1-0

[Event "BL 2425 FC St. Pauli - OSG Baden-Baden"]
[Site "?"]
[Date "2025.03.22"]
[Round "11.8"]
[White "Voigt, Martin"]
[Black "Hagner, Bennet"]
[Result "0-1"]
[WhiteElo "2340"]
[BlackElo "2421"]
[PlyCount "70"]
[EventDate "2025.??.??"]

1. e4 c5 2. Nf3 e6 3. c3 Nf6 4. e5 Nd5 5. a3 d6 6. d4 cxd4 7. c4 Ne7 8. exd6 Qxd6 9. Nc3 Nbc6 10. Nb5 Qb8 11. Nbxd4 Nxd4 12. Qxd4 Nc6 13. Qc3 a5 14. Bd3 e5 15. O-O Bc5 16. Be4 f6 17. Qd3 Ne7 18. Nh4 Be6 19. Nf5 Nxf5 20. Bxf5 Bxf5 21. Qxf5 O-O 22. Rd1 Bd4 23. Be3 Bxb2 24. Rab1 Bxa3 25. Rd7 Rd8 26. h4 Rxd7 27. Qxd7 Bb4 28. h5 h6 29. Rb3 Qc8 30. Qd5+ Kh8 31. Bd2 Bxd2 32. Qxd2 a4 33. Rb6 Qc7 34. Qb4 a3 35. Rxb7 Qd8 0-1

[Event "BL 2425 SV Werder Bremen - Schachfreunde"]
[Site "?"]
[Date "2025.03.22"]
[Round "11.1"]
[White "Kamsky, Gata"]
[Black "Ivic, Velimir"]
[Result "1/2-1/2"]
[WhiteElo "2607"]
[BlackElo "2622"]
[PlyCount "43"]
[EventDate "2025.??.??"]

1. e4 c5 2. Nf3 Nc6 3. Bb5 g6 4. Bxc6 bxc6 5. O-O Bg7 6. Re1 Qc7 7. c3 d6 8. d4 cxd4 9. cxd4 Nf6 10. Nc3 O-O 11. h3 c5 12. e5 dxe5 13. dxe5 Rd8 14. Qa4 Nh5 15. Be3 Bb7 16. Qg4 Rac8 17. Rad1 Bxe5 18. Nxe5 Qxe5 19. Bh6 Qc7 20. Rxd8+ Rxd8 21. Qe2 Re8 22. Qe5 1/2-1/2

[Event "BL 2425 SV Werder Bremen - Schachfreunde"]
[Site "?"]
[Date "2025.03.22"]
[Round "11.2"]
[White "Fressinet, Laurent"]
[Black "Banusz, Tamas"]
[Result "1/2-1/2"]
[WhiteElo "2591"]
[BlackElo "2580"]
[PlyCount "51"]
[EventDate "2025.??.??"]

1. e4 c5 2. Nf3 Nc6 3. Nc3 e5 4. Bc4 Be7 5. d3 d6 6. O-O Nf6 7. Bg5 O-O 8. Bxf6 Bxf6 9. Nd5 g6 10. a4 Bg7 11. c3 Kh8 12. Qd2 f5 13. Qg5 Bf6 14. Nxf6 Qxf6 15. Qxf6+ Rxf6 16. a5 Bd7 17. Nd2 Kg7 18. Bd5 Rb8 19. Rfe1 Ne7 20. Bb3 Nc6 21. Ba4 Be6 22. Bb5 Ne7 23. Bc4 Bxc4 24. Nxc4 Nc6 25. Ne3 Rf7 26. Nd5 1/2-1/2

[Event "BL 2425 SV Werder Bremen - Schachfreunde"]
[Site "?"]
[Date "2025.03.22"]
[Round "11.3"]
[White "Moussard, Jules"]
[Black "Areshchenko, Alexander"]
[Result "1/2-1/2"]
[WhiteElo "2592"]
[BlackElo "2602"]
[PlyCount "45"]
[EventDate "2025.??.??"]

1. e4 c5 2. Nf3 d6 3. Bb5+ Bd7 4. Bxd7+ Nxd7 5. c4 Ngf6 6. Nc3 Rc8 7. d3 g6 8. h3 Bg7 9. Be3 O-O 10. Qd2 a6 11. O-O Ne8 12. Nh2 f5 13. f4 e6 14. Nf3 Nc7 15. d4 b5 16. Rad1 b4 17. Na4 fxe4 18. Ng5 d5 19. dxc5 Nf6 20. Nxe6 Nxe6 21. cxd5 Nc7 22. Nb6 Ncxd5 23. Nxd5 1/2-1/2

[Event "BL 2425 SV Werder Bremen - Schachfreunde"]
[Site "?"]
[Date "2025.03.22"]
[Round "11.4"]
[White "Efimenko, Zahar"]
[Black "Gupta, Abhijeet"]
[Result "1-0"]
[WhiteElo "2563"]
[BlackElo "2577"]
[PlyCount "63"]
[EventDate "2025.??.??"]

1. e4 c5 2. Nf3 d6 3. d4 cxd4 4. Qxd4 Nc6 5. Bb5 a6 6. Bxc6+ bxc6 7. O-O e5 8. Qa4 Qc7 9. c4 Ne7 10. Nc3 Bd7 11. Qc2 Ng6 12. c5 Bg4 13. Ne1 d5 14. exd5 Bxc5 15. Ne4 Bb6 16. d6 Qa7 17. h3 Bd7 18. Nd3 O-O 19. Ndc5 Kh8 20. Be3 Bf5 21. Qc3 Rad8 22. Rad1 h6 23. b4 a5 24. a3 axb4 25. axb4 Bxe4 26. Nxe4 Bxe3 27. fxe3 Nf4 28. Qc5 Qxc5 29. Nxc5 Ne6 30. Nxe6 fxe6 31. Rxf8+ Rxf8 32. Rc1 1-0

[Event "BL 2425 SV Werder Bremen - Schachfreunde"]
[Site "?"]
[Date "2025.03.22"]
[Round "11.5"]
[White "Dautov, Rustem"]
[Black "Hracek, Zbynek"]
[Result "1/2-1/2"]
[WhiteElo "2559"]
[BlackElo "2537"]
[PlyCount "41"]
[EventDate "2025.??.??"]

1. d4 Nf6 2. c4 e6 3. Nf3 d5 4. Nc3 Bb4 5. Bg5 h6 6. Bxf6 Qxf6 7. e3 O-O 8. Qb3 c5 9. cxd5 exd5 10. dxc5 Bxc3+ 11. Qxc3 Qxc3+ 12. bxc3 Be6 13. Nd4 Rc8 14. Rb1 Nd7 15. c6 bxc6 16. Ba6 Rcb8 17. Kd2 Rb6 18. Bd3 Ne5 19. Nxe6 fxe6 20. f4 Nxd3 21. Kxd3 1/2-1/2

[Event "BL 2425 SV Werder Bremen - Schachfreunde"]
[Site "?"]
[Date "2025.03.22"]
[Round "11.6"]
[White "Babula, Vlastimil"]
[Black "Graf, Alexander"]
[Result "1/2-1/2"]
[WhiteElo "2503"]
[BlackElo "2520"]
[PlyCount "43"]
[EventDate "2025.??.??"]

1. d4 Nf6 2. c4 e6 3. Nc3 Bb4 4. e3 O-O 5. Bd3 d5 6. Nge2 b6 7. a3 Be7 8. cxd5 exd5 9. b4 Nbd7 10. Nf4 Bb7 11. Qf3 c6 12. O-O b5 13. e4 dxe4 14. Nxe4 a5 15. Rb1 axb4 16. axb4 Nxe4 17. Bxe4 Nf6 18. Bxc6 Bxc6 19. Qxc6 Qxd4 20. Qxb5 Rab8 21. Qd3 Rxb4 22. Qxd4 1/2-1/2

[Event "BL 2425 SV Werder Bremen - Schachfreunde"]
[Site "?"]
[Date "2025.03.22"]
[Round "11.8"]
[White "Reuker, Jari"]
[Black "Kozul, Zdenko"]
[Result "0-1"]
[WhiteElo "2415"]
[BlackElo "2505"]
[PlyCount "134"]
[EventDate "2025.??.??"]

1. d4 Nf6 2. c4 g6 3. Nc3 Bg7 4. e4 d6 5. Bd3 Nc6 6. Nge2 Nd7 7. Be3 e5 8. d5 Nd4 9. Bb1 Nxe2 10. Qxe2 h5 11. Qd2 O-O 12. Bc2 a6 13. f3 f5 14. exf5 gxf5 15. Bg5 Qe8 16. O-O-O e4 17. fxe4 Ne5 18. Bh6 Qg6 19. Bxg7 Qxg7 20. Qd4 f4 21. c5 Rf6 22. Kb1 h4 23. Rdf1 Bg4 24. Qf2 Qh6 25. cxd6 cxd6 26. g3 Bh3 27. gxf4 Bxf1 28. Rxf1 Kh8 29. Ne2 Rg8 30. h3 Rgf8 31. a3 b5 32. Rg1 Rg6 33. Re1 Rg7 34. Ka2 Qf6 35. Qd4 Nf3 36. Qxf6 Rxf6 37. Rf1 Rg2 38. Rxf3 Rxe2 39. Bd3 Rg2 40. Rf1 Rg3 41. e5 dxe5 42. fxe5 Rxf1 43. Bxf1 Rg5 44. a4 bxa4 45. Ka3 Rxe5 46. Kxa4 Rxd5 47. Bxa6 Kg7 48. b4 Kf6 49. b5 Ke7 50. Bc8 Kd8 51. Be6 Rd6 52. Bc4 Kc7 53. Ka5 Kb7 54. Be2 Rf6 55. Bc4 Rf5 56. Be6 Re5 57. Bg4 Re3 58. Bf5 Kc7 59. Bg4 Rb3 60. Bf5 Rb2 61. Bg4 Ra2+ 62. Kb4 Rg2 63. Be6 Kd6 64. Bc4 Rh2 65. Bf1 Rf2 66. Bc4 Rf3 67. b6 Rxh3 0-1

[Event "BL 2425 SC Viernheim - SK Kirchweyhe"]
[Site "?"]
[Date "2025.03.23"]
[Round "12.1"]
[White "Brkic, Ante"]
[Black "Maghsoodloo, Parham"]
[Result "0-1"]
[WhiteElo "2590"]
[BlackElo "2677"]
[PlyCount "72"]
[EventDate "2025.??.??"]

1. e4 c6 2. d4 d5 3. e5 c5 4. Nf3 Bg4 5. dxc5 e6 6. Be3 Ne7 7. Bb5+ Nec6 8. c4 a6 9. Bxc6+ Nxc6 10. cxd5 Bxf3 11. Qxf3 Qxd5 12. Nd2 Rd8 13. Qxd5 Rxd5 14. Nb3 Rxe5 15. Rd1 h5 16. Ke2 g5 17. Rhe1 g4 18. Kf1 h4 19. Rd2 h3 20. g3 Rhh5 21. Red1 Rd5 22. Rxd5 Rxd5 23. Rxd5 exd5 24. Nd4 Kd7 25. Nc2 Ne5 26. b4 Nf3 27. Nd4 Nxh2+ 28. Kg1 Nf3+ 29. Nxf3 gxf3 30. Kh2 Ke6 31. Kxh3 Ke5 32. Kg4 Ke4 33. a4 d4 34. Bf4 a5 35. c6 bxc6 36. bxa5 Bc5 0-1

[Event "BL 2425 SC Viernheim - SK Kirchweyhe"]
[Site "?"]
[Date "2025.03.23"]
[Round "12.2"]
[White "Aravindh, Chithambaram VR."]
[Black "Markus, Robert"]
[Result "1-0"]
[WhiteElo "2731"]
[BlackElo "2596"]
[PlyCount "77"]
[EventDate "2025.??.??"]

1. e4 d6 2. d4 Nf6 3. Nc3 e5 4. Nf3 Nbd7 5. Bc4 Be7 6. O-O O-O 7. a4 exd4 8. Qxd4 Nc5 9. h3 c6 10. Rd1 Be6 11. Bf4 a5 12. Bxd6 Qxd6 13. Qxd6 Bxd6 14. Bxe6 Bf4 15. Bf5 g6 16. e5 Bxe5 17. Nxe5 gxf5 18. Nc4 Kg7 19. g3 Kg6 20. Ne5+ Kg7 21. Nc4 Kg6 22. Rd6 Rfe8 23. Rad1 Re6 24. Kg2 Rxd6 25. Rxd6 Ne6 26. f4 Kg7 27. Ne3 Ne8 28. Rd7 Nc5 29. Rd1 Kf6 30. g4 Ng7 31. Kf3 h5 32. g5+ Kg6 33. Rd6+ Nge6 34. Ng2 f6 35. Nh4+ Kf7 36. g6+ Kg7 37. Ne2 Nf8 38. Ng3 Nxg6 39. Nhxf5+ 1-0

[Event "BL 2425 SC Viernheim - SK Kirchweyhe"]
[Site "?"]
[Date "2025.03.23"]
[Round "12.3"]
[White "Stevic, Hrvoje"]
[Black "Korobov, Anton"]
[Result "1-0"]
[WhiteElo "2543"]
[BlackElo "2634"]
[PlyCount "61"]
[EventDate "2025.??.??"]

1. e4 c5 2. c3 Nf6 3. e5 Nd5 4. Nf3 Nc6 5. d4 cxd4 6. Bc4 e6 7. cxd4 d6 8. O-O Be7 9. Qe2 O-O 10. Nc3 Nxc3 11. bxc3 dxe5 12. dxe5 Qa5 13. Rb1 Rd8 14. h4 Rb8 15. h5 Bd7 16. h6 g6 17. Re1 Be8 18. Bg5 Qxc3 19. Rec1 Qa3 20. Rb3 Qa5 21. Bxe7 Nxe7 22. Qe3 Bc6 23. Qg5 Bxf3 24. Qxe7 Qd2 25. Rf1 Bg4 26. Re3 Bf5 27. Qf6 Kf8 28. Rf3 Qc2 29. Bxe6 Bxe6 30. Qxe6 Qc7 31. Qf6 1-0

[Event "BL 2425 SC Viernheim - SK Kirchweyhe"]
[Site "?"]
[Date "2025.03.23"]
[Round "12.4"]
[White "Amin, Bassem"]
[Black "Jovanovic, Zoran"]
[Result "1-0"]
[WhiteElo "2645"]
[BlackElo "2510"]
[PlyCount "59"]
[EventDate "2025.??.??"]

1. e4 e5 2. Nf3 Nc6 3. Bc4 Nf6 4. d3 Be7 5. O-O O-O 6. a4 a5 7. Nc3 d6 8. h3 h6 9. Re1 Re8 10. Ne2 Bf8 11. Ng3 Be6 12. Bb5 Bd7 13. c3 Qc8 14. Bd2 Ne7 15. d4 Ng6 16. Bd3 c6 17. Qc2 Qc7 18. Rad1 b5 19. b3 Reb8 20. Nf5 Be6 21. c4 bxa4 22. bxa4 Bc8 23. c5 dxc5 24. dxe5 Nxe5 25. Nxe5 Qxe5 26. Bc3 Qe6 27. Qe2 Rb3 28. Bc4 Ba6 29. Bxe6 Bxe2 30. Bxb3 1-0

[Event "BL 2425 SC Viernheim - SK Kirchweyhe"]
[Site "?"]
[Date "2025.03.23"]
[Round "12.5"]
[White "Kovacevic, Aleksandar"]
[Black "Wagner, Dennis"]
[Result "1/2-1/2"]
[WhiteElo "2454"]
[BlackElo "2614"]
[PlyCount "108"]
[EventDate "2025.??.??"]

1. Nf3 Nf6 2. g3 d5 3. Bg2 e6 4. O-O Be7 5. c4 O-O 6. b3 c5 7. d4 dxc4 8. bxc4 cxd4 9. Nxd4 e5 10. Nb5 Nc6 11. N1c3 Be6 12. Nd5 e4 13. Nbc3 Rc8 14. Bf4 Re8 15. Rb1 b6 16. Nxe4 Nxd5 17. cxd5 Bxd5 18. Nf6+ Bxf6 19. Bxd5 Nd4 20. e4 Ne2+ 21. Qxe2 Qxd5 22. Rfe1 Qe6 23. Qa6 Rc2 24. a4 Bd4 25. Be3 Bxe3 26. Rxe3 Rxf2 27. Kxf2 Qa2+ 28. Re2 Qxb1 29. Qxa7 h6 30. Qd7 Re6 31. e5 Qh1 32. Qd8+ Kh7 33. Qd3+ g6 34. h4 Qh2+ 35. Kf3 Qh1+ 36. Kf2 Qh2+ 37. Kf3 Qg1 38. Re4 Kg7 39. Qc4 Qh1+ 40. Kf2 Qh2+ 41. Kf3 Qh1+ 42. Kf2 Qh2+ 43. Kf3 Qg1 44. Qd3 Qa1 45. Qe2 Qh1+ 46. Qg2 Qc1 47. Qe2 Rc6 48. e6 Rc3+ 49. Kf2 Qh1 50. e7 Qh2+ 51. Kf1 Qh1+ 52. Kf2 Qh2+ 53. Kf1 Qh1+ 54. Kf2 Qh2+ 1/2-1/2

[Event "BL 2425 SC Viernheim - SK Kirchweyhe"]
[Site "?"]
[Date "2025.03.23"]
[Round "12.6"]
[White "Meier, Georg"]
[Black "Kovacevic, Blazimir"]
[Result "0-1"]
[WhiteElo "2600"]
[BlackElo "2370"]
[PlyCount "98"]
[EventDate "2025.??.??"]

1. Nf3 d5 2. g3 b6 3. c4 dxc4 4. Na3 Bb7 5. Nxc4 e6 6. Bg2 Nd7 7. O-O Bd6 8. d3 Ngf6 9. Bd2 O-O 10. b4 Re8 11. a4 a6 12. Qc2 Bf8 13. Rfc1 c5 14. Qb2 Bd5 15. b5 e5 16. e4 Bxc4 17. Rxc4 Qc7 18. Bh3 Bd6 19. Nh4 Nf8 20. Nf5 Ne6 21. Bc3 Nd7 22. bxa6 Rxa6 23. Qb5 Rea8 24. Rb1 Bf8 25. Ne3 Qd6 26. Nd5 R8a7 27. Rb3 Ra5 28. Bxa5 Rxa5 29. Qxa5 bxa5 30. Kg2 Nf6 31. Nxf6+ gxf6 32. Bg4 Qc6 33. Rb5 Nd4 34. Rxa5 f5 35. Rxd4 exd4 36. Bxf5 c4 37. dxc4 Qxc4 38. Ra8 Kg7 39. Rd8 Qxa4 40. Rd7 Bc5 41. e5 Kf8 42. Kh3 Qd1 43. Kg2 Qe2 44. Rd5 Qc4 45. Rd8+ Ke7 46. Rd7+ Ke8 47. h4 Bb4 48. Ra7 Qd5+ 49. Kg1 d3 0-1

[Event "BL 2425 SC Viernheim - SK Kirchweyhe"]
[Site "?"]
[Date "2025.03.23"]
[Round "12.7"]
[White "Kulon, Klaudia"]
[Black "Buhmann, Rainer"]
[Result "1/2-1/2"]
[WhiteElo "2401"]
[BlackElo "2540"]
[PlyCount "44"]
[EventDate "2025.??.??"]

1. e4 e6 2. d4 d5 3. Nc3 Nf6 4. Bg5 dxe4 5. Nxe4 Nbd7 6. Nf3 Be7 7. Nxf6+ Bxf6 8. h4 O-O 9. Qe2 c5 10. O-O-O cxd4 11. Bxf6 Nxf6 12. Rxd4 Qa5 13. a4 Rd8 14. Qb5 Qxb5 15. Rxd8+ Qe8 16. Rxe8+ Nxe8 17. Bb5 Kf8 18. Rd1 Ke7 19. b3 Nf6 20. Ne5 Nd5 21. Bc4 Nb4 22. Be2 Nc6 1/2-1/2

[Event "BL 2425 SC Viernheim - SK Kirchweyhe"]
[Site "?"]
[Date "2025.03.23"]
[Round "12.8"]
[White "Wagner, Dinara"]
[Black "Genov, Valentin"]
[Result "1-0"]
[WhiteElo "2440"]
[BlackElo "2007"]
[PlyCount "79"]
[EventDate "2025.??.??"]

1. d4 Nf6 2. c4 e6 3. Nf3 c5 4. d5 exd5 5. cxd5 d6 6. Nc3 g6 7. Nd2 Nbd7 8. e4 Bg7 9. Be2 O-O 10. O-O Ne8 11. a4 a6 12. Nc4 Nb6 13. Ne3 Qe7 14. a5 Nd7 15. Nc4 Rb8 16. Qc2 Ne5 17. Nb6 Nc7 18. f4 Nd7 19. Nxc8 Rbxc8 20. Bd2 Rb8 21. Kh1 b5 22. Rae1 c4 23. e5 dxe5 24. f5 Nf6 25. Bg5 Nce8 26. b3 cxb3 27. Qxb3 Qd6 28. Rd1 b4 29. Na4 Ne4 30. Be3 N8f6 31. fxg6 hxg6 32. Bf3 Rfc8 33. Rc1 Nc3 34. Nb6 Rxb6 35. Bxb6 e4 36. Be2 Re8 37. Rxc3 bxc3 38. Qxc3 Nxd5 39. Qb3 Rf8 40. Rd1 1-0

[Event "BL 2425 SC Heimbach-Weis-Neuwied - SV MÃ"]
[Site "?"]
[Date "2025.03.23"]
[Round "12.1"]
[White "Fridman, Daniel"]
[Black "Kraemer, Martin"]
[Result "1/2-1/2"]
[WhiteElo "2582"]
[BlackElo "2577"]
[PlyCount "81"]
[EventDate "2025.??.??"]

1. Nf3 Nf6 2. g3 b5 3. d3 c5 4. e4 Bb7 5. Bg2 d6 6. O-O e6 7. Na3 a6 8. c4 b4 9. Nc2 Be7 10. e5 dxe5 11. Nxe5 Qc7 12. Bxb7 Qxb7 13. d4 O-O 14. Be3 Nbd7 15. Nxd7 Nxd7 16. Qe2 Rfd8 17. Rad1 b3 18. axb3 Qxb3 19. dxc5 Nxc5 20. Rxd8+ Rxd8 21. Nd4 Qb7 22. b4 Ne4 23. b5 axb5 24. cxb5 Bf6 25. Nc6 Rd5 26. Na7 Nc3 27. Qc2 Nxb5 28. Rb1 Na3 29. Qxh7+ Kxh7 30. Rxb7 Kg8 31. Rc7 Nb5 32. Rc8+ Kh7 33. Nxb5 Rxb5 34. h4 g6 35. Kg2 Kg7 36. Bc5 Rb7 37. Kh3 Be7 38. Be3 f5 39. Rc6 Kf7 40. Kg2 Rd7 41. Kf3 1/2-1/2

[Event "BL 2425 SC Heimbach-Weis-Neuwied - SV MÃ"]
[Site "?"]
[Date "2025.03.23"]
[Round "12.2"]
[White "Nasuta, Grzegorz"]
[Black "Tregubov, Pavel V."]
[Result "1/2-1/2"]
[WhiteElo "2514"]
[BlackElo "2555"]
[PlyCount "47"]
[EventDate "2025.??.??"]

1. e4 e5 2. Nf3 Nf6 3. Nxe5 d6 4. Nf3 Nxe4 5. d4 d5 6. Bd3 Bd6 7. O-O O-O 8. c4 c6 9. Re1 Bf5 10. Ng5 Re8 11. Bxe4 dxe4 12. Nc3 Nd7 13. Ngxe4 Bxe4 14. Nxe4 Bxh2+ 15. Kf1 Qa5 16. Qf3 f5 17. Nc3 Rxe1+ 18. Kxe1 Re8+ 19. Kf1 Bc7 20. Bd2 Qb4 21. Qd3 Qd6 22. Re1 Rxe1+ 23. Bxe1 g6 24. Qe3 1/2-1/2

[Event "BL 2425 SC Heimbach-Weis-Neuwied - SV MÃ"]
[Site "?"]
[Date "2025.03.23"]
[Round "12.3"]
[White "Vrolijk, Liam"]
[Black "Krejci, Jan"]
[Result "1-0"]
[WhiteElo "2517"]
[BlackElo "2525"]
[PlyCount "141"]
[EventDate "2025.??.??"]

1. Nf3 d5 2. g3 Nc6 3. d4 Bf5 4. Bg2 Nb4 5. Na3 e6 6. c3 Nc6 7. Qb3 Rb8 8. Nh4 Bg4 9. e4 dxe4 10. Bxe4 Be7 11. Nc4 Bxh4 12. gxh4 Bf5 13. Bf3 Nge7 14. Rg1 b5 15. Ne3 Qd6 16. Rxg7 Bg6 17. h5 Kf8 18. Ng4 Nf5 19. hxg6 Kxg7 20. gxh7 f6 21. Bd2 Rxh7 22. O-O-O Rh3 23. Rg1 Kf7 24. Bg2 Rh4 25. h3 Nce7 26. Re1 b4 27. cxb4 Nxd4 28. Qc4 Rd8 29. Kb1 Ndf5 30. Bc3 Nd5 31. Bxd5 Qxd5 32. Qxd5 Rxd5 33. Nxf6 Rd3 34. Ne4 Rh6 35. Be5 Nd6 36. Ng5+ Ke7 37. Bg3 Rd5 38. h4 Nf5 39. Bxc7 Nxh4 40. f4 Nf5 41. Be5 Rd2 42. Rc1 Ne3 43. Ne4 Rd7 44. a4 Nd5 45. b5 Nb4 46. Rg1 Rg6 47. Rh1 Rh6 48. Rf1 Nd3 49. Bc3 Kd8 50. Nf6 Rd6 51. Rd1 Kc8 52. Ng4 Rh3 53. Ne5 Rd5 54. Nc6 Kb7 55. Rg1 Rh7 56. Rg8 a6 57. Na5+ Ka7 58. Bd4+ Rxd4 59. Nc6+ Kb6 60. Nxd4 Rh2 61. Rg3 Nxb2 62. a5+ Kxa5 63. Ra3+ Kb4 64. Rb3+ Kc4 65. bxa6 Nd3 66. a7 Rh1+ 67. Ka2 Nc1+ 68. Kb2 Nxb3 69. a8=Q Rh2+ 70. Nc2 Nc5 71. Qa2+ {Kd5} 1-0

[Event "BL 2425 SC Heimbach-Weis-Neuwied - SV MÃ"]
[Site "?"]
[Date "2025.03.23"]
[Round "12.4"]
[White "Zilka, Stepan"]
[Black "Beerdsen, Thomas"]
[Result "0-1"]
[WhiteElo "2525"]
[BlackElo "2510"]
[PlyCount "76"]
[EventDate "2025.??.??"]

1. e4 c5 2. Nf3 d6 3. Bb5+ Bd7 4. Bxd7+ Qxd7 5. O-O Nc6 6. c3 Nf6 7. d4 cxd4 8. cxd4 d5 9. e5 Ng8 10. Nc3 e6 11. h4 Nge7 12. h5 Nf5 13. g4 Nh6 14. Nh4 Be7 15. g5 Nf5 16. Nxf5 exf5 17. Be3 h6 18. gxh6 O-O-O 19. Qf3 g5 20. hxg6 fxg6 21. Qh1 f4 22. Bxf4 Qg4+ 23. Bg3 Bg5 24. Qg2 Rxh6 25. f4 Rdh8 26. Ne2 Bh4 27. Bxh4 Qxh4 28. Rac1 Kb8 29. Rc3 Ne7 30. Ng3 Qg4 31. Qf3 Qe6 32. Rc2 Rh3 33. Qg2 Nf5 34. Nxf5 Qxf5 35. Rc3 R3h4 36. Rg3 Qh5 37. Qf3 Qh6 38. Rg4 Rxg4+ 0-1